Представление документа в формате RUSMARC

ПолеНазваниеЗначение
  Тип записи a
  Библиографический уровень m
001 Контрольный номер RU/SLIB/B/208733337
005 Дата корректировки 20201206204030.4
010 Индекс ISBN __
a ISBN 5-222-01293-х
d Цена 62-78
101 Язык документа 0_
a Язык текста rus
c Язык оригинала rus
200 Заглавие и сведения об ответственности 1_
a Заглавие Электротехника с основами электроники
e Сведения, относящиеся к заглавию учеб. пособие для проф. училищ и колледжей
f Первые сведения об ответственности Ю. Г. Синдеев
b Общее обозначение материала Текст
210 Выходные данные __
a Место издания Ростов н/Д
c Издательство Феникс
d Дата издания 2001
215 Физическое описание __
a Объем 384 с.
225 Серия __
a Серия Учебник XXI века
330 Аннотация __
a Аннотация В учебном пособии изложены основные разделы курса электротехники в соответствии с государственным образовательным стандартом начального профессионального образования по предмету "Электротехника".
606 Тематические рубрики __
a Основная рубрика Электротехника в целом
a Основная рубрика Энергетика
610 Ключевые слова __
a Ключевые слова электростатика; проводники; электрические заряды; электрический ток; напряжение; электромагнетизм; переменный ток; электрические измерения; приборы; трансформаторы; электрические машины; электронные приборы; электроэнергия; техника безопасности; электрические станции; синхронные генераторы; электроника
686 Индексы других классификаций __
a Классификационный индекс 31.2я722 ; ст31.2я7
700 Автор _1
a Фамилия Синдеев
b Имя Ю. Г.
4 Код отношения 070
801 Источник записи _0
a Страна RU
b Организация Муниципальное бюджетное учреждение культуры "Централизованная библиотечная система" г. Сургут (Центральная городская библиотека им. А. С. Пушкина)
g Правила каталогизации КиК/Поспелова
801 Источник записи _1
a Страна RU
b Организация Муниципальное бюджетное учреждение культуры "Централизованная библиотечная система" г. Сургут (Центральная городская библиотека им. А. С. Пушкина)
g Правила каталогизации КиК/Поспелова
852 Данные о местонахождении __
j Шифр хранения 31.2я722
c Каталожный индекс 31.2я722
i Авторский знак С 38
901 Тип документа __
t Тип документа m
903 Характеристики (МАРС) __
a Дата передачи 20030109
969 Тип издания __
a Тип издания учебное пособие
990 Данные о заказе (DOS) __
j Количество экземпляров (DOS) 8
t N записи в КСУ для И/У (DOS) 200301